00754nam a2200241 a 4500001001300000003000900013005001700022008004100039020002400080082001500104100002200119245007800141260003300219300000900252500003500261505001800296650002600314700002200340902000800362942000700370952011800377999001700495nice12345678IN_TiNIC20260116014109.0070412s1988 dela grp 000 0 eng  a185649618X c112500a305.3bCOC aCockburn, Cynthia aSpace Between Usb Negotiating Gender and National Identities in Conflict aDelhibKali for Women c1988 a247p aincludes index and biblioraphy2 abiblio, index aGender Discrimination1 aCockburn, Cynthia bSRS cBK 001040708StackRoom-aHMIbHMId2012-01-05g1125.00l0o305.3 COCp021531r2012-01-05v1125.00w2007-04-12yBK c13860d13860